Tejcsarnok városunkban

V Michalovciach Jozef (József) Jäggi otvoril prvú mliekáreň. Doteraz sa mlieko nakupovalo na Sztárayho panstve.

Podrobná bibliografia
Médium: Článok
Jazyk:Hungarian
Témy:
Zdroj: 1. Felsö-Zemplén 1. Roč. 11, č. 45 {spr.46} (29.11.1906) s. 2
LEADER 00866nab#a2200301#ar4500
001 000076463
003 SVKKK
005 20050809xxxxxxx.
008 06 c xo huno
FMT
038 |a SVKKK 
040 |a SVKKK  |b slo  |e AACR2 
041 0 |a hun 
044 |a xo  |c SK 
080 |a 637.1 
242 1 0 |a Mliekáreň v našom meste 
245 0 0 |a Tejcsarnok városunkban 
500 |a Ex/Ro-75 
520 2 |a V Michalovciach Jozef (József) Jäggi otvoril prvú mliekáreň. Doteraz sa mlieko nakupovalo na Sztárayho panstve. 
650 0 4 |a mliekareň, Michalovce (1.) - Jäggi, Jozef (obchodník) - Michalovce -november 1906 - správy 
773 0 |t Felsö-Zemplén  |g Roč. 11, č. 45 {spr.46} (29.11.1906) s. 2 
957 |a Michalovce 
958 |a DG 
958 |a SK 
974 |a zuz  |d 20050809 
992 |a RBX 
BAS
998 |a RETRO